Russell Brand Filmography - Statistics

General Stats
  • This quiz has been taken 62 times
    6 since last reset
  • The average score is 28 of 93
Answer Stats
Type Year Name % Correct
Film 2011 Arthur
60%
Film 2008 Bedtime Stories
60%
Film 2008 Forgetting Sarah Marshall
60%
Film 2010 Get Him to the Greek
60%
TV Show 1994 Mud
60%
TV Show 2002 RE:Brand
60%
TV Show 2011 Saturday Night Live
60%
TV Show 1994 The Bill
60%
Award Show 2008 2008 MTV Video Music Awards
40%
Award Show 2009 2009 MTV Video Music Awards
40%
TV Film 2004 A Bear's Christmas Tail
40%
Film 2016 Army of One
40%
Documentary 2014 A Royal Hangover
40%
TV Show 2004-2006 Big Brother's Big Mouth
40%
TV Film 2011 Big Time Beach Party
40%
Documentary 2015 Brand: A Second Coming
40%
Film 2022 Catherine Called Birdy
40%
TV Show 2005-2007 Celebrity Big Brother's Big Mouth
40%
TV Show 2007 Cold Blood
40%
TV Film 2002 Cruise of the Gods
40%
Film 2022 Death on the Nile
40%
Film 2010 Despicable Me
40%
Film 2013 Despicable Me 2
40%
Film 2020 Four Kids and It
40%
Film 2011 Hop
40%
Film 2022 Minions: The Rise of Gru
40%
Film 2013 Paradise
40%
Film 2006 Penelope
40%
Film 2012 Rock of Ages
40%
TV Show 2006 Russell Brand's Got Issues
40%
TV Show 2007-2009 Russell Brand's Ponderland
40%
Film 2007 St Trinian's
40%
TV Film 2007 The Abbey
40%
TV Show 2006, 2007, 2009, 2015 The Big Fat Quiz of the Year
40%
Documentary 2015 The Emperor's New Clothes
40%
Film 2018 The Fight
40%
TV Show 2011 The Simpsons
40%
Film 2010 The Tempest
40%
Film 2016 Trolls
40%
Film 2023 Under the Boardwalk
40%
TV Mini-Series 2002 White Teeth
40%
TV Show 2006 1 Leicester Square
20%
Award Show 2012 2012 MTV Movie Awards
20%
TV Short 2021 2020: The Movie
20%
Web Series 2019 Above Average Presents
20%
Short Film 2001 A Brief History of Cuba in D Minor
20%
TV Show 2006 Annually Retentive
20%
Short Film 1997 A to Z: The Life Cycle of a Car
20%
TV Show 2018-2019 Ballers
20%
TV Documentary 2007 Big Brother: According to Russell Brand
20%
TV Show 2008 Big Brother: Celebrity Hijack
20%
TV Show 2005 Blessed
20%
TV Show 2005 Bo' Selecta!
20%
TV Show 2012-2013 Brand X with Russell Brand
20%
Award Show 2007 Brit Awards 2007
20%
TV Show 2018 Celebrity Juice
20%
TV Show 2016 Celebrity Style Story
20%
TV Show 2004 Comedy Lab
20%
Stand-Up Film 2008 Comedy Live Presents Russell Brand and Friends
20%
TV Special 2007 Comic Relief 2007: The Big One
20%
TV Show 2007 Have I Got News for You
20%
Music Video 2011 High Flying Birds - AKA: What a Life
20%
TV Show 2017 Hospital People
20%
Documentary TBA In Search of the Sacred
20%
TV Show 2004 Kings of Comedy
20%
TV Special 2012 London 2012 Olympic Closing Ceremony: A Symphony of British Music
20%
TV Show 2020 Neighbours
20%
TV Show 2020 Nothing to Declare
20%
TV Show 2018 Roast Battle
20%
TV Short 2007 Robbie the Reindeer in Close Encounters of the Hero Kind
20%
TV Show 2023 Running Wild with Bear Grylls
20%
TV Show 2023 Running Wild with Bear Grylls: The Challenge
20%
Stand-Up Film 2007 Russell Brand: Doing Life - Live
20%
TV Documentary 2014 Russell Brand: End the Drugs War
20%
Documentary 2012 Russell Brand: From Addiction to Recovery
20%
Stand-Up Film 2009 Russell Brand in New York City
20%
Stand-Up Film 2006 Russell Brand: Live
20%
Stand-Up Film 2013 Russell Brand: Messiah Complex
20%
TV Special 2007 Russell Brand on the Road
20%
Stand-Up Film 2018 Russell Brand: Re: Birth
20%
Stand-Up Film 2009 Russell Brand: Scandalous
20%
Documentary Series 2014-2016 Russell Brand the Trews
20%
Documentary 2010 Russell Brand: The World According to Russell Brand
20%
Podcast 2017-2019 Russell Brand: Under the Skin
20%
Award Show 2006 ShockWaves NME Awards 2006
20%
Podcast 2022-Present Stay Free with Russell Brand
20%
Podcast 2022-Present Subcutaneous
20%
Documentary Mini-Series 2023 Super League: The War for Football
20%
Documentary Series 2014 The British
20%
TV Show 2006 The Russell Brand Show
20%
Radio Show 2006-2008 The Russell Brand Show
20%
Film 2012 What About Dick?
20%
Web Series 2017 Your Biggest Fan
20%
No matching quizzes found
Score Distribution
Percent of People with Each Score
Percentile by Number Answered
Your Score History
You have not taken this quiz since the last reset